| 000 | 01583nam a2200289 a 4500 | ||
|---|---|---|---|
| 001 | ASIN1609012410 | ||
| 003 | OSt | ||
| 005 | 20180116192423.0 | ||
| 008 | 140715s2012 xxu eng d | ||
| 020 |
_a1609012410 (paperback) _c$75.00 |
||
| 020 | _a9781609012410 (paperback) | ||
| 040 | _csada | ||
| 050 | 0 | 4 | _aNA1996 |
| 082 | 0 | 4 | _a720.23 |
| 100 | 1 |
_aBender, Dianne. _97698 |
|
| 245 | 1 | 0 |
_aDesign portfolios : _bmoving from traditional to digital / _cDianne Bender. |
| 250 | _aSecond Edition. | ||
| 260 |
_a[S.l.] : _bFairchild Books, _c2012. |
||
| 300 |
_a448 p. ; _c28 cm. |
||
| 520 | _aToday’s students of architecture, interior design, and landscape design need to master the art of marketing themselves via both traditional handheld and digital portfolios. Design Portfolios: Moving from Traditional to Digital, 2nd Edition , enables students to create portfolios that serve as both evolving collections of creative solutions to design problems and evidence of their abilities to visually relay messages. Addressing issues of creation, maintenance, and presentation, the book guides students through every step of the interview and presentation process—from making first contact to composing a thank you letter and securing a job. | ||
| 650 | 0 |
_aArchitecture portfolios _97699 |
|
| 650 | 0 |
_aEmployment portfolios _97700 |
|
| 650 | 0 |
_aInterior decoration--Vocational guidance _97701 |
|
| 650 | 0 |
_aLandscape architecture--Vocational guidance _97702 |
|
| 856 | 4 | 0 |
_3Amazon.com _uhttp://www.amazon.com/exec/obidos/ASIN/1609012410/chopaconline-20 |
| 942 |
_2ddc _cBK |
||
| 999 |
_c353992 _d353992 |
||